Responses for show #1203 - Wednesday, November 22, 1989

Lisa Guay game 2.

Contestants

[<< previous game]

Sidney Evans, Jr., an electrical instrumentation technician from Mobile, Alabama

Susan Heider, a lawyer from St. Louis, Missouri

Lisa Guay, a homemaker from Champlain, New York (whose 1-day cash winnings total $10,000)

[next game >>]

Jeopardy! Round responses

TRANSPORTATION
ABBREVIATIONS
SING-ALONG SONGS
WOMEN
COOKING
ANIMALS
    $100 6
graffiti

Susan
    $100 14
the A&P

Sidney
    $100 1
Paree

Sidney
    $100 16
Sally Ride

Lisa
    $100 8
frying

Susan
    $100 18
mongooses

Sidney
    $200 7
a helicopter

Lisa
    $200 15
c.o.

Lisa
    $200 2
(Susan: What is 17?)

sweet 16

LisaSusan
    $200 17
(Sidney: Who is Cher?)

Lucille Ball

Sidney
Triple Stumper
    $200 9
(Susan: What is baking powder?)

yeast

LisaSusan
    $200 19
tortoises

Sidney
    $300 11
a roller coaster

Susan
    $300 25
Texas

Susan
    $300 3
five foot two

Lisa
    $300 28
[End-of-round signal sounds]

Nadia Comăneci

Lisa
    $300 10
Cordon Bleu

Susan
    $300 20
a bloodhound

Lisa
    $400 12
(Susan: What is Tibet?)

Burma

Susan
Triple Stumper
    $400 26
chief financial officer

Sidney
    $400 4
apple pan dowdy

Sidney
    $1,000 23
(Alex: We have less than a minute to go in the round.)

bouillabaisse

Lisa
    $400 21
aardvark & aardwolf

Triple Stumper
    $500 13
the Avanti

Sidney
    $500 27
(Susan: What is the Royal Society for the Protection of Cruelty to Animals?)

the Royal Society for the Prevention of Cruelty to Animals

SusanSidney
    $500 5
a shanty in old shanty town

Triple Stumper
    $500 24
(Susan: What is aluminum?)

stainless steel

LisaSusan
    $500 22
Eohippus

Lisa

Scores at the first commercial break (after clue 14):

Lisa Susan Sidney
$900 $0 $1,100

Scores at the end of the Jeopardy! Round:

Lisa Susan Sidney
$3,800 -$700 $2,100

Double Jeopardy! Round responses

"A" IN LITERATURE
U.S. RIVERS
9-LETTER WORDS
ORGANIZATIONS
MONEY
THE WHITE HOUSE
    $200 2
angels

Susan
    $1,000 15
the Red River

Sidney
    $200 25
Yorkshire

Lisa
    $200 12
Alcoholics Anonymous

Sidney
    $200 18
American Express

Lisa
    $200 7
Tiffany

Susan
    $400 3
artful

Susan
    $400 16
Maine

Lisa
    $400 1
blackmail

Lisa
    $400 13
(Sidney: What is the United Nations?)
(Susan: What is the Organization of American States?)

the British Commonwealth of Nations

SusanSidney
Triple Stumper
    $400 19
gold eagles

Susan
    $400 8
electricity

Lisa
    $600 4
Aramis

Susan
    $600 17
the Colorado

Triple Stumper
    $600 26
deciduous

Lisa
    $600 14
(Sydney: What is Planned Parenthood?)
(Susan: What is the National Rifle Association?)

the American Civil Liberties Union

SusanSidney
Triple Stumper
    $600 20
Federal Reserve Notes

Sidney
    $600 9
Dolley Madison

Lisa
    $1,000 5
Adam

Susan
    $800 23
the Missouri River

Sidney
    $800 27
(Susan: What is Ascension?)
[The end-of-round signal sounds.]

Pentecost

Susan
Triple Stumper
    $800 21
cent

Lisa
    $800 10
(General) Tom Thumb

Lisa
    $1000 6
Agamemnon

Lisa
    $1000 24
the Delaware & the Schuylkill

Triple Stumper
    $1000 22
(Lisa: What is Peru?)
...
(Alex: ...and we have less than a minute to go.)

Guatemala

Lisa
Triple Stumper
    $1000 11
(Susan: Who were the Coolidges?)

(Rutherford & Lucy) Hayes

LisaSusan

Scores at the end of the Double Jeopardy! Round:

Lisa Susan Sidney
$9,200 -$700 $3,700
(lock game)

[wagering suggestions for these scores]

Final Jeopardy! Round responses

THE OSCARS
SidneyWho is Peter O'Toole?
$3,500
LisaWho is Sean Connery?
$800
Peter O'Toole

Final scores:

Lisa Susan Sidney
$8,400 -$700 $7,200
2-day champion: $18,400 3rd place: a his or her watch & Nintendo entertainment center featuring Jeopardy! and Wheel of Fortune 2nd place: an entertainment center & a color TV

Game dynamics:

Coryat scores:

Lisa Susan Sidney
$8,600 -$900 $2,900
22 R
(including 1 DD),
1 W
11 R
(including 1 DD),
9 W
12 R
(including 1 DD),
3 W

Combined Coryat: $10,600

The J! Archive is created by fans, for fans. The Jeopardy! game show and all elements thereof, including but not limited to copyright and trademark thereto, are the property of Jeopardy Productions, Inc. and are protected under law. This website is not affiliated with, sponsored by, or operated by Jeopardy Productions, Inc. Join the discussion at JBoard.tv.